Historia episcopatuum foederati Belgii utpote metropolitani ultrajectini, nec non suffraganeorum harlemensis, daventriensis, leovardiensis, groningensis et middelburgensis

Detalles Bibliográficos
Formato: Libro
Lenguaje:Undetermined
Latin
Publicado: Antuerpiae : apud Joh. Bapt. Verdussen, 1733.
Materias:
Colección:Banco de datos
Acervo:Biblioteca Palafoxiana. Colección bibliográfica
Descripción Física:t. ; f°
Tema general:Historia eclesiástica
Notas:Incluye ilustraciones en grabado calcográfico. Número de localización: t.1 (21365); t.2 (21366)
LEADER 00681nam a2200157Ia 4500
008 150723s9999 xx 000 0 und d
041 0 |a lat 
050 0 |a PAFX BR143 H5 
245 1 0 |a Historia episcopatuum foederati Belgii utpote metropolitani ultrajectini, nec non suffraganeorum harlemensis, daventriensis, leovardiensis, groningensis et middelburgensis 
260 |a Antuerpiae : apud Joh. Bapt. Verdussen, 1733. 
300 |a t. ; f° 
500 |a Incluye ilustraciones en grabado calcográfico. Número de localización: t.1 (21365); t.2 (21366) 
650 1 0 |a Historia eclesiástica 
942 |c PALALIB 
943 |g Biblioteca Palafoxiana. Colección bibliográfica 
999 |c 1052352  |d 1052352